Normal view
MARC view
- Zabala Vidiella, Antoni
Entry Nombre Personal
001 - NUMERO DE CONTROL
- campo de control: 29511
003 - IDENTIFICADOR DE NUMERO DE CONTROL
- campo de control: UPN
005 - FECHA Y HORA DE LA ÜLTIMA TRANSACCIÓN
- campo de control: 20240226114212.0
008 - DATOS DE LONGITUD FIJA
- campo de control de longitud fija: 240226nn|acannaabn | aaa |d
035 ## - NUMERO DE CONTROL
- Número de control: UPN11000001617
040 ## - FUENTE DE CATALOGACIÓN
- Lenguaje de catalogación: SPA
- Agencia de transcripción: UPN
- Agencia original de catalogación: MX-MxUPN
100 1# - ENCABEZAMIENTO - NOMBRE PERSONAL
- Nombre personal: Zabala Vidiella, Antoni
373 ## - GRUPO ASOCIADO
- Associated group: Aula de Innovación Educativa
373 ## - GRUPO ASOCIADO
- Associated group: Guix
374 ## - OCUPACIÓN
- Occupation: Filósofo
670 ## - FUENTE EN LA QUE SE LOCALIZARON DATOS
- Cita de la fuente: T
- Información localizada: Cómo trabajar los contenidos procedimentales en el aula
670 ## - FUENTE EN LA QUE SE LOCALIZARON DATOS
- Cita de la fuente: LC, 26 de febrero de 2024;
- Información localizada: (Zabala Vidiella, Antoni)
- Uniform Resource Identifier: https://lccn.loc.gov/ns2018000143
670 ## - FUENTE EN LA QUE SE LOCALIZARON DATOS
- Cita de la fuente: La práctica educativa. Como enseñar, 2010:
- Información localizada: solapa frontal (licenciado en Filosofía y Ciencias de la Educación, es director de la revista Aula de Innovación Educativa y miembro del consejo de la redacción de la revista Guix)
680 ## - NOTA PUBLICA DE ACCESO PÚBLICO
- Frase explicativa de la referencia: Pedagogo español
902 ## - CATALOGADOR
- Catalogador: DAA/110608
- Catalogador: MaríaRobles/260224
